| 000 | 00429cam a2200181ua 4500 | ||
|---|---|---|---|
| 020 | _c3.00 | ||
| 041 |
_amal _h |
||
| 082 |
_a894.812301 _bGOR/IT |
||
| 100 | _aGorky, Maxim . | ||
| 245 |
_aItaliyile kathakal / _cMaxim Gorky. _hTextual Documents |
||
| 260 |
_aThrissur : _bCurrent Books , _c1966. |
||
| 300 | _a229 ; . | ||
| 365 | _a3.00 | ||
| 504 | _a | ||
| 942 | _cBK | ||
| 999 |
_c11456 _d11456 |
||